000 00324 a2200121 4500
000 nam a22 7a 4500
005 20260320102641.0
020 _a9781032090955
100 _a Robert L. Jarret, Kevin McCluskey
_91132607
245 _aBiological Resources of Model Organisms
260 _bCRC Press
_c2020
942 _cTEXL
999 _c1715804
_d1715804